<?xml version="1.0" encoding="UTF-8"?>
<record
    xmlns:xsi="http://www.w3.org/2001/XMLSchema-instance"
    xsi:schemaLocation="http://www.loc.gov/MARC21/slim http://www.loc.gov/standards/marcxml/schema/MARC21slim.xsd"
    xmlns="http://www.loc.gov/MARC21/slim">

  <leader>01007nam a2200181Ia 4500</leader>
  <controlfield tag="008">151202s9999||||xx |||||||||||||| ||und||</controlfield>
  <datafield tag="082" ind1=" " ind2=" ">
    <subfield code="b">PNVM-82290</subfield>
  </datafield>
  <datafield tag="100" ind1=" " ind2=" ">
    <subfield code="a">&#x926;&#x947;&#x936;&#x92A;&#x93E;&#x902;&#x921;&#x947; &#x930;&#x92E;&#x93E;&#x915;&#x93E;&#x902;&#x924;.</subfield>
  </datafield>
  <datafield tag="245" ind1=" " ind2=" ">
    <subfield code="a">&#x915;&#x933;&#x93E; &#x91C;&#x94D;&#x92F;&#x93E; &#x932;&#x93E;&#x917;&#x932;&#x94D;&#x92F;&#x93E; &#x91C;&#x940;&#x935;&#x93E;-&#x938;&#x94D;&#x924;&#x94D;&#x930;&#x940; &#x92D;&#x943;&#x923;&#x939;&#x924;&#x94D;&#x92F;&#x947;&#x935;&#x93F;&#x937;&#x92F;&#x940; &#x939;&#x943;&#x926;&#x92F;&#x926;&#x94D;&#x930;&#x93E;&#x935;&#x915;&#x915;&#x939;&#x93E;&#x923;&#x940;.</subfield>
  </datafield>
  <datafield tag="260" ind1=" " ind2=" ">
    <subfield code="b">"&#x92E;&#x928;&#x94B;&#x930;&#x92E;&#x93E; &#x92A;&#x94D;&#x930;&#x915;&#x93E;&#x936;&#x928; ,&#x926;&#x93E;&#x926;&#x930;."</subfield>
  </datafield>
  <datafield tag="260" ind1=" " ind2=" ">
    <subfield code="c">2013</subfield>
  </datafield>
  <datafield tag="300" ind1=" " ind2=" ">
    <subfield code="a">556</subfield>
  </datafield>
  <datafield tag="600" ind1=" " ind2=" ">
    <subfield code="a">&#x926;&#x947;&#x936;&#x92A;&#x93E;&#x902;&#x921;&#x947; &#x930;&#x92E;&#x93E;&#x915;&#x93E;&#x902;&#x924;.</subfield>
  </datafield>
  <datafield tag="630" ind1=" " ind2=" ">
    <subfield code="a">&#x915;&#x933;&#x93E; &#x91C;&#x94D;&#x92F;&#x93E; &#x932;&#x93E;&#x917;&#x932;&#x94D;&#x92F;&#x93E; &#x91C;&#x940;&#x935;&#x93E;-&#x938;&#x94D;&#x924;&#x94D;&#x930;&#x940; &#x92D;&#x943;&#x923;&#x939;&#x924;&#x94D;&#x92F;&#x947;&#x935;&#x93F;&#x937;&#x92F;&#x940; &#x939;&#x943;&#x926;&#x92F;&#x926;&#x94D;&#x930;&#x93E;&#x935;&#x915;&#x915;&#x939;&#x93E;&#x923;&#x940;.</subfield>
  </datafield>
  <datafield tag="700" ind1=" " ind2=" ">
    <subfield code="a">&#x926;&#x947;&#x936;&#x92A;&#x93E;&#x902;&#x921;&#x947; &#x930;&#x92E;&#x93E;&#x915;&#x93E;&#x902;&#x924;.</subfield>
  </datafield>
  <datafield tag="730" ind1=" " ind2=" ">
    <subfield code="a">&#x915;&#x933;&#x93E; &#x91C;&#x94D;&#x92F;&#x93E; &#x932;&#x93E;&#x917;&#x932;&#x94D;&#x92F;&#x93E; &#x91C;&#x940;&#x935;&#x93E;-&#x938;&#x94D;&#x924;&#x94D;&#x930;&#x940; &#x92D;&#x943;&#x923;&#x939;&#x924;&#x94D;&#x92F;&#x947;&#x935;&#x93F;&#x937;&#x92F;&#x940; &#x939;&#x943;&#x926;&#x92F;&#x926;&#x94D;&#x930;&#x93E;&#x935;&#x915;&#x915;&#x939;&#x93E;&#x923;&#x940;.</subfield>
  </datafield>
  <datafield tag="942" ind1=" " ind2=" ">
    <subfield code="c">BOOK</subfield>
  </datafield>
  <datafield tag="999" ind1=" " ind2=" ">
    <subfield code="c">1346898</subfield>
    <subfield code="d">1346895</subfield>
  </datafield>
  <datafield tag="952" ind1=" " ind2=" ">
    <subfield code="0">0</subfield>
    <subfield code="1">0</subfield>
    <subfield code="4">0</subfield>
    <subfield code="7">0</subfield>
    <subfield code="a">PNVM</subfield>
    <subfield code="b">PNVM</subfield>
    <subfield code="d">2015-06-21</subfield>
    <subfield code="g">0.00</subfield>
    <subfield code="l">0</subfield>
    <subfield code="o">PNVM-82290</subfield>
    <subfield code="p">PNVM-82290</subfield>
    <subfield code="r">2015-12-02 00:00:00</subfield>
    <subfield code="v">0.00</subfield>
    <subfield code="w">2015-12-02</subfield>
    <subfield code="y">BOOK</subfield>
  </datafield>
</record>
